000 00652cam a2200217u 4500
999 _c20313
_d20313
001 8459748
003 BDDh-ASL
005 20231015025854.0
008 830401s19601962pk 000 0 eng
010 _asa 65005047
040 _aDLC
_cCarP
_dDLC
_dBDDh-ASL
050 0 0 _aBP161
_b.I7 1962
082 _a297.01
_bIQR
100 1 _aIqbal, Muhammad,
_cSir,
_d1877-1938.
245 1 4 _aThe reconstruction of religious thought in Islam/
260 _a[Lahore?]:
_bJavid Iqbal;
_c[1960]
300 _avi, 205 p.
_c22 cm.
650 0 _aIslamic religious thought. [from old catalog]
906 _a0
_bcbc
_cpremunv
_du
_encip
_f19
_gy-gencatlg
942 _2ddc
_cBK